Ombudsman a prokurátor

Problém zavedenia funkcie ombudsmana. Vzťah ombudsman a prokurátor v netrestnej oblasti mimosúdnej. Činnosť prokuratúry podľa zákona č. 314/1996 Z.z. o prokuratúre. Oprávnenia ombudsmana.

Guardado en:
Detalles Bibliográficos
Autor principal: Beneč, Štefan
Formato: Capítulo de libro
Lenguaje:eslovaco
Materias:
Etiquetas: Agregar Etiqueta
Sin Etiquetas, Sea el primero en etiquetar este registro!

MARC

LEADER 00000naa a2200000 4500
001 r039059
005 20230911132403.5
041 0 |a slo 
044 |a SK 
245 1 0 |a Ombudsman a prokurátor  |c Štefan Beneč 
520 |a Problém zavedenia funkcie ombudsmana. Vzťah ombudsman a prokurátor v netrestnej oblasti mimosúdnej. Činnosť prokuratúry podľa zákona č. 314/1996 Z.z. o prokuratúre. Oprávnenia ombudsmana. 
610 2 0 |a prokuratúra 
610 2 0 |a ombudsman 
610 2 0 |a ústava 
610 2 0 |a zákony 
610 2 0 |a Slovensko 
100 1 |a Beneč, Štefan